La diabetes : todo lo que necesita saber /

Guardado en:
Bibliografiske detaljer
Hovedforfatter: Vasco, Miguel F. (autor)
Format: Bog
Sprog:spansk
Udgivet: Buenos Aires, Argentina : Grupo Imaginador de Ediciones, 2003, c2003
Serier:(Salud para Todos)
Fag:
Tags: Tilføj Tag
Ingen Tags, Vær først til at tagge denne postø!

MARC

LEADER 00000nam^a2200000^a^4500
001 000161951
005 20250521000000.0
009 20260310100815.905
020 |a 950-768-414-X 
037 |a Acervo ITESO - Biblioteca 
041 |a ESP 
082 |a 616. 462  |b VAS 
100 |a Vasco, Miguel F.  |e (autor) 
245 1 3 |a La diabetes :  |b todo lo que necesita saber /  |c M.F. Vasco. 
264 4 |a Buenos Aires, Argentina :  |b Grupo Imaginador de Ediciones,  |c 2003, c2003 
300 |a 124 p. 
336 |a texto  |b txt  |2 rdacontenido 
337 |a sin mediación  |b n  |2 rdamedio 
338 |a volumen  |b nc  |2 rdasoporte 
440 1 |a (Salud para Todos) 
649 |a XX 
650 |a Dieta 
650 |a Nutrición 
650 |a Ejercicio Físico 
650 |a Glucosa 
650 |a Diabetes Mellitus -  |x Tratamiento 
650 |a Diabetes Mellitus -  |x Diagnóstico 
650 |a Diabetes -  |x Prevención 
650 |a Diabetes -  |x Tratamiento 
650 |a Diabetes -  |x Diagnóstico 
650 |a Enfermedades Crónicas -  |x Prevención 
650 |a Enfermedades Crónicas -  |x Tratamiento 
650 |a Enfermedades Crónicas -  |x Diagnóstico 
650 |a Enfermedades -  |x Prevención 
650 |a Enfermedades -  |x Tratamiento 
650 |a Enfermedades -  |x Diagnóstico 
650 |a Medicina 
650 |a Ciencias Médicas 
910 |a Fondo General 
920 |a Impresos - Libros 
930 |a Colección General 
905 |a 101 
901 |a 0500094251  |b IT1  |c ACC  |u 20250521 
902 |a https://opac.biblio.iteso.mx/vufind/Record/000161951